000 nam a22 7a 4500
999 _c8656
_d8656
008 180118b ||||| |||| 00| 0 eng d
100 _aJain. S
_95022
245 _aSocial Science Geography
260 _aNew Delhi
_bPrachi Publication
_c2009